000 00361 a2200169 4500
001 188108
020 _a978-85-260-1207-3
040 _cMagnum
100 _aFrança, Mary
240 1 0 _aO macaco faz das suas
_lpor
245 1 0 _aO macaco faz das suas
300 _a30
362 0 _a2007
440 1 _aGlobal
697 _aLITERATURA INFANTO
942 _cBK
999 _c188108
_d188108